Guess the lyrics (#19) - Statistics

General Stats
  • This quiz has been taken 400 times
  • The average score is 97 of 199
Answer Stats
Answer % Correct
I
99%
a
98%
the
91%
you
87%
You
87%
and
83%
He
83%
he
83%
me
83%
to
83%
be
82%
no
79%
is
78%
it
78%
can
76%
on
75%
your
74%
So
72%
so
72%
where
72%
know,
69%
know
69%
my
69%
My
69%
that
68%
what
68%
am
66%
for
65%
not
65%
of
64%
see
63%
don't
62%
have
62%
was
61%
there
60%
can't
59%
this
59%
how
58%
You're
58%
all
57%
I'm
57%
like
54%
man
51%
him
50%
has
48%
But
46%
life
45%
some
45%
never
44%
Should
44%
feel
42%
just
42%
out
42%
Oh
40%
oh
40%
now
39%
saw
38%
heart
37%
nothing
37%
goin'
36%
or
36%
Our
35%
thought
34%
into
33%
couldn't
32%
right
31%
right,
31%
something
29%
Well
29%
lie
28%
what's
28%
real
27%
That's
27%
yeah
27%
came
26%
care,
25%
light
24%
seen
24%
used
24%
much
23%
There's
23%
things
23%
little
22%
seem
21%
showed
21%
around
20%
cry
20%
run
20%
torn
20%
Torn
20%
sky
19%
brought
18%
cold
18%
floor
17%
lying
17%
many
17%
naked
17%
anymore
16%
faith,
16%
fine,
16%
Illusion
15%
late;
15%
Nothing's
15%
perfect
15%
already
14%
awake
14%
guess
14%
wide
14%
changed
13%
conversation
13%
dignified
13%
dry
13%
luck
12%
shamed
12%
adored
11%
miss
11%
fortune
10%
teller's
10%
touch,
10%
warm
9%
holy
7%
inspiration
7%
beneath
6%
crawled
5%
veins
5%
No matching quizzes found
Score Distribution
Percent of People with Each Score
Percentile by Number Answered
Your Score History
You have not taken this quiz